| 000 | 00363nam a2200145Ia 4500 | ||
|---|---|---|---|
| 008 | 151213s9999 xx 000 0 und d | ||
| 100 | _aM. Paulive Parker | ||
| 245 |
_aThe Allegory of The Faerie Queene _cM. Paulive Parker |
||
| 260 |
_aLondon _bOxford |
||
| 300 | _a4465 p. | ||
| 650 | _aEnglish | ||
| 650 | _aII | ||
| 700 | _aM. Paulive Parker | ||
| 999 |
_c2840 _d2840 |
||